| 000 | 01394nam a2200337 i 4500 | ||
|---|---|---|---|
| 003 | EG-GICUC | ||
| 005 | 20260126131625.0 | ||
| 008 | 260126s2010 ua |||fr|||| 000 0 ara d | ||
| 040 |
_a EG-GICUC _bara _c EG-GICUC _d EG-GICUC _erda |
||
| 041 | _aara | ||
| 082 | 0 | 4 |
_a343.7 _bي س . أ _221 |
| 092 | 0 | 4 | _221 |
| 099 | _aLaw1 10 343.7 ي س . أ 2010 1006467 | ||
| 100 | 0 |
_aيسر أنور علي. _eمؤلف. |
|
| 245 | 1 | 0 |
_aأصول علمي الإجرام والعقاب. _nالجزء الثانى، _pعلم العقاب / _cالدكتور يسر أنور علي، الدكتورة أمال عبدالرحيم عثمان. |
| 250 | _aطبعة مزيدة ومنقحة، | ||
| 264 | 1 |
_aالقاهرة : _bدار النهضة العربية، _c2010. |
|
| 300 |
_a368 صفحة ؛ _c24 سم. _bإيضاحيات، صور، مثيليات ؛ |
||
| 336 |
_2rda content _atext |
||
| 337 |
_2rda media _aComputer |
||
| 338 |
_2rda carrier _aOnline Resource |
||
| 504 | _a يشتمل على إرجاعات ببليوجرافية. | ||
| 546 | _aالنص باللغة العربية | ||
| 650 |
_aعلم العقاب. _2qrmak |
||
| 650 |
_aالقانون الجنائى. _2qrmak |
||
| 651 | 1 | _2qrmak | |
| 700 |
_a آمال عبدالرحيم عثمان. _eمؤلف مشارك. |
||
| 856 | 4 | 0 | _uhttps://fll.law.cu.edu.eg/fulltext/bks/B10-06467.pdf |
| 905 | _a18 | ||
| 942 |
_2ddc _cBK _e21 _n0 |
||
| 999 |
_c59456 _d59456 |
||